• 首页
  • 本馆介绍
  • 公告通知
  • 最新文献
  • 馆藏检索
  • 电子资源
  • 读者导购
  • 参考咨询
  • 我的图书馆
  • 登录
  • 详细信息显示
  • 放入我的书架
  • 预约/预借图书
  • 作者相关作品
  • 分类相关作品
  • 丛书相关作品
  • 出版社相关作品

书目信息

  • 表格格式
  • 工作单格式
  • 卡片格式
题名:
中西艺术精神的缘起
    
 
作者: 陈芳 著
分册:  
出版信息: 北京   京华出版社  2000.06
页数: 243页,[16]页图版
开本: 32开
丛书名:
单 册:
中图分类: J110.92
科图分类:
主题词: 古典艺术--对比研究--中国、古希腊 , 美术--世界
电子资源:
ISBN: 7-80600-503-X
000 00809nam0 2200217 45
001 0210290887
005 20031219104059.3
010    @a7-80600-503-X@dCNY23.00
100    @a20021029d2000 km y0chiy0120 ea
101 0  @achi
105    @af z 000yy
200 1  @a中西艺术精神的缘起@AZhong Xi Yi Shu Jing Shen De Yuan Qi@e中国先秦与古希腊艺术之比较研究@EZhong Guo Xian Qin Yu Gu Xi La Yi Shu Zhi Bi Jiao Yan Jiu@f陈芳著@FChenFang Zhu
210    @a北京@c京华出版社@d2000.06
215    @a243页,[16]页图版@c附彩图@d32开
517 1  @a中国先秦与古希腊艺术之比较研究@AZhong Guo Xian Qin Yu Gu Xi La Yi Shu Zhi Bi Jiao Yan Jiu
606 0  @a古典艺术@x对比研究@y中国、古希腊
606 0  @a美术@x世界
690    @aJ110.92@v4
701    @a陈芳@4著
801    @aCN@bTSTC@c20021029
905    @b316654-658@dJ110.92@e36@f5
    
    中西艺术精神的缘起:中国先秦与古希腊艺术之比较研究/陈芳著.-北京:京华出版社,2000.06
    243页,[16]页图版:附彩图;32开
    
    
    ISBN 7-80600-503-X:CNY23.00
    
●
相关链接 在E读中查询图书 在五车中查询图书 在当当中查询图书 在豆瓣中查询图书


正题名:中西艺术精神的缘起     索取号:J110.92/36         预约/预借

序号 登录号 条形码 馆藏地/架位号 状态 备注
1 0316654   203166545   第一借阅区/ [索取号:J110.92/36] 在馆    
2 0316655   203166554   第一借阅区/ [索取号:J110.92/36] 在馆    
3 0316656   203166563   第一借阅区/ [索取号:J110.92/36] 在馆    
4 0316657   203166572   第一借阅区/ [索取号:J110.92/36] 在馆    
5 0316658   203166581   第一样本阅览室/ [索取号:J110.92/36] 在馆    
唐山师范学院图书馆 欢迎您!
大连网信软件有限公司© 版权所有